banner-ar

الديمغرافيا السياسية : (Record no. 63356)

MARC details
000 -الفاتح
حقل البيانات ثابتة الطول 01214nam a22002777a 4500
005 - وقت وتاريخ اخر تعامل مع التسجيلة
رقم الضبط 20240530110636.0
008 - عناصر البيانات ثابتة الطول - معلومات عامة
حقل البيانات ثابتة الطول 170925s2014 ts ak f b 000 0 ara d
020 ## - الرقم الدولى المعيارى للكتب
الرقم الدولى المعيارى للكتاب 9789948230069
040 ## - مصدر الفهرسة
وكالة الفهرسة الأصلية EG-CaGPL
وكالة النسخ EG-CaGPL
082 04 - رقم تصنيف ديوى العشرى
رقم الطبعة 21
رقم التصنيف 304.6 /
رقم المادة ج د
245 02 - بيان العنوان
العنوان الديمغرافيا السياسية :
بقية العنوان كيف تعيد التغيرات السكانية تشكيل الامن الدولى و السياسة الوطنية ؟ /
بيان المسئوليه,etc تحرير جاك جولدستون ، اريك كوفمان ، مونيكا دافى
250 ## - بيان الطبعة
بيان الطبعة ط. 1
260 ## - PUBLICATION, DISTRIBUTION, ETC. (IMPRINT)
تاريخ النشر أو التوزيع 2014.
300 ## - الوصف المادى
التعداد 458 ص. ؛
أبعاد الوعاء 24 سم.
490 0# - بيان السلسلة
عنوان السلسلة دراسات مترجمة ؛
رقم المجلد/ التعيين التسلسلي 74
504 ## - تبصرة ببليوجرافية
تبصرة ببليوجرافية,الخ يشتمل على ارجاعات ببليوجرافية
650 07 - المدخل الاضافى بالموضوع-مصطلح موضوعى
مصدر الرأس أو المصطلح qrmak
مصطلح موضوعي الجغرافيا السياسية
650 07 - المدخل الاضافى بالموضوع-مصطلح موضوعى
مصدر الرأس أو المصطلح qrmak
مصطلح موضوعي جغرافيا السكان
650 07 - المدخل الاضافى بالموضوع-مصطلح موضوعى
مصدر الرأس أو المصطلح qrmak
مصطلح موضوعي الاحوال السياسية
651 ## - المدخل الاضافى بالموضوع - اسم جغرافى
مصدر الرأس أو المصطلح qrmak
700 1# - المدخل الاضافى - اسم شخصى
الإسم الشخصى جولدستون، جاك
الدور محرر
700 1# - المدخل الاضافى - اسم شخصى
الإسم الشخصى كوفمان، اريك
الدور محرر
700 1# - المدخل الاضافى - اسم شخصى
الإسم الشخصى دافى، مونيكا
الدور محرر
942 ## - عناصر المدخل الإضافي( كوها)
مصدر التصنيف او مخطط الترفيف Dewey Decimal Classification
Koha [default] item type كتاب
260 ## - PUBLICATION, DISTRIBUTION, ETC. (IMPRINT)
-- مركز الامارات للدراسات و البحوث الاستراتيجية ،
-- ابوظبى :
Holdings
حالة التراجع حالة الفقد حالة تلف ليس للاعارة المكان المؤقت الموقع الحالى موقع الترفيف تاريخ الاكتساب اجمالي اﻻعارات رقم الطلب الباركود تاريخ اخر مشاهدة تاريخ تفعيل السعر نوع وعاء كوها
        مكتبة القاهرة الكبرى مكتبة القاهرة الكبرى القاعة الرئيسية 09/25/2017   304.6 / ج د 163343 09/25/2017 09/25/2017 كتاب

Powered By

EGPV